01001nam a2200265 u 4500001000500000005001700005008004100022035000900063035002100072040001300093041000800106082000800114100003700122245009200159260003300251300003500284650002900319650003300348650003400381650003000415942000900445999001500454952013200469952013400601139820260428104227.0950407s1991 spa  a1398 a(OCoLC)777981396 ccomduadb aspa 4a98010aBellier, Irene4auteaut947155813aEl temblor y la luna:ensayo sobre las relaciones entre las mujeres y los hombre maihuna aEcuador :bAlya-Yala,c1991. a2 volúmenes :bilustraciones aSexualidad humana922644 aIndígenas de Perú937935 aTukanos (Indígenas)9176195 aMujeres (Género)952393 cBOOK c2606d2606 001040708SEMIACTIVAaBCbBCd1997-07-08iC1603l0o980.45 B443t v1p61000000258893r2024-01-24 00:00:00t1w2023-04-20yBOOK 001040708SEMIACTIVAaBCbBCd1996-07-30iC151849l0o980.45 B443t v2p61000000586087r2024-01-24 00:00:00t2w2023-04-20yBOOK